[Event "Greek Team Championship"]
[Site "chess24.com"]
[Date "2017.07.05"]
[Round "4"]
[White "Stefanidi, Maria-Anna"]
[Black "Lubbe, Melanie"]
[Result "1/2-1/2"]
[Board "5"]
[WhiteElo "2001"]
[WhiteTitle "WFM"]
[WhiteCountry "GRE"]
[WhiteFideId "4207750"]
[WhiteEloChange "7"]
[BlackElo "2278"]
[BlackTitle "WGM"]
[BlackCountry "GER"]
[BlackFideId "4690745"]
[BlackEloChange "-7"]

1. e4 {[%clk 1:30:55]} c5 {[%clk 1:30:56]} 2. Nf3 {[%clk 1:31:16]} Nc6 {[%clk
1:31:21]} 3. d4 {[%clk 1:31:41]} cxd4 {[%clk 1:31:48]} 4. Nxd4 {[%clk 1:32:05]}
Nf6 {[%clk 1:32:11]} 5. Nc3 {[%clk 1:31:18]} d6 {[%clk 1:32:36]} 6. Be2 {[%clk
1:23:35]} e5 {[%clk 1:32:58]} 7. Nb3 {[%clk 1:23:16]} Be7 {[%clk 1:32:25]} 8. Be3
{[%clk 1:23:21]} O-O {[%clk 1:31:18]} 9. O-O {[%clk 1:23:45]} a5 {[%clk 1:31:28]}
10. f3 {[%clk 1:19:59]} a4 {[%clk 1:30:45]} 11. Nd2 {[%clk 1:18:17]} a3 {[%clk
1:25:24]} 12. Nc4 {[%clk 1:12:24]} axb2 {[%clk 1:23:35]} 13. Rb1 {[%clk 1:11:59]}
Nb4 {[%clk 1:03:10]} 14. Bb6 {[%clk 0:52:41]} Qd7 {[%clk 1:02:02]} 15. Rxb2
{[%clk 0:51:54]} d5 {[%clk 1:01:06]} 16. Nxe5 {[%clk 0:43:11]} Qe6 {[%clk
0:56:12]} 17. Qd4 {[%clk 0:43:14]} Ra3 {[%clk 0:30:31]} 18. exd5 {[%clk 0:28:19]}
Nbxd5 {[%clk 0:27:19]} 19. Nxd5 {[%clk 0:25:11]} Qxd5 {[%clk 0:27:24]} 20. Bc4
{[%clk 0:22:49]} Qxd4+ {[%clk 0:25:36]} 21. Bxd4 {[%clk 0:23:10]} Bd6 {[%clk
0:20:56]} 22. c3 {[%clk 0:20:41]} Ra5 {[%clk 0:19:29]} 23. f4 {[%clk 0:19:17]}
Nd5 {[%clk 0:16:02]} 24. g3 {[%clk 0:16:27]} Rd8 {[%clk 0:12:59]} 25. Re1 {[%clk
0:12:47]} Kf8 {[%clk 0:12:27]} 26. Bb5 {[%clk 0:10:43]} Bc7 {[%clk 0:07:50]} 27.
Nc4 {[%clk 0:10:21]} Ra8 {[%clk 0:07:53]} 28. Bc5+ {[%clk 0:10:04]} Kg8 {[%clk
0:08:06]} 29. Bd4 {[%clk 0:06:55]} Be6 {[%clk 0:08:07]} 30. a4 {[%clk 0:06:49]}
h5 {[%clk 0:07:07]} 31. Ne3 {[%clk 0:05:15]} Nxe3 {[%clk 0:05:09]} 32. Rxe3
{[%clk 0:05:38]} h4 {[%clk 0:05:20]} 33. Kf2 {[%clk 0:05:36]} Bd5 {[%clk
0:04:12]} 34. Rbe2 {[%clk 0:05:31]} Be6 {[%clk 0:03:39]} 35. Re1 {[%clk 0:04:43]}
Bd6 {[%clk 0:03:46]} 36. Rb1 {[%clk 0:03:39]} Rdc8 {[%clk 0:03:52]} 37. Ke2
{[%clk 0:03:07]} Kf8 {[%clk 0:03:53]} 38. Kd2 {[%clk 0:03:30]} Bd5 {[%clk
0:01:54]} 39. Kd3 {[%clk 0:03:09]} f6 {[%clk 0:01:28]} 40. c4 {[%clk 0:33:04]}
Bf7 {[%clk 0:31:32]} 41. Rc1 {[%clk 0:28:53]} Ba3 {[%clk 0:26:04]} 42. Ra1 {[%clk
0:27:29]} Bb4 {[%clk 0:25:21]} 43. Bb6 {[%clk 0:23:43]} Bg6+ {[%clk 0:18:19]} 44.
Ke2 {[%clk 0:23:36]} Bf7 {[%clk 0:16:01]} 45. Rc1 {[%clk 0:22:35]} Bh5+ {[%clk
0:15:10]} 46. Kd3 {[%clk 0:19:59]} Bg6+ {[%clk 0:09:13]} 47. Ke2 {[%clk 0:20:22]}
Bh5+ {[%clk 0:09:23]} 48. Kd3 {[%clk 0:20:45]} Bg6+ {[%clk 0:09:31]} 49. Ke2
{[%clk 0:21:09]} Bh5+ {[%clk 0:09:58]} 1/2-1/2

[Event "Greek Team Championship"]
[Site "chess24.com"]
[Date "2017.07.05"]
[Round "4"]
[White "Kiousi, Panagiota"]
[Black "Kratimenou, Maria"]
[Result "0-1"]
[Board "7"]
[WhiteElo "1530"]
[WhiteCountry "GRE"]
[WhiteFideId "25803476"]
[WhiteEloChange "-16"]
[BlackElo "1280"]
[BlackCountry "GRE"]
[BlackFideId "25821725"]
[BlackEloChange "16"]

1. d4 {[%clk 1:30:56]} Nf6 {[%clk 1:30:55]} 2. c4 {[%clk 1:31:15]} e6 {[%clk
1:31:21]} 3. Nc3 {[%clk 1:31:37]} Bb4 {[%clk 1:31:47]} 4. e3 {[%clk 1:31:45]}
Bxc3+ {[%clk 1:32:08]} 5. bxc3 {[%clk 1:32:07]} O-O {[%clk 1:32:28]} 6. Bd3
{[%clk 1:31:58]} Qe7 {[%clk 1:32:39]} 7. Nf3 {[%clk 1:31:06]} d6 {[%clk 1:32:55]}
8. O-O {[%clk 1:31:19]} Nbd7 {[%clk 1:33:12]} 9. Nd2 {[%clk 1:29:41]} h6 {[%clk
1:18:40]} 10. e4 {[%clk 1:23:14]} e5 {[%clk 1:18:58]} 11. Nb3 {[%clk 1:20:59]} c5
{[%clk 1:18:04]} 12. d5 {[%clk 1:19:58]} Re8 {[%clk 1:18:08]} 13. Qf3 {[%clk
1:18:44]} Nf8 {[%clk 1:15:20]} 14. Qe2 {[%clk 1:11:31]} Ng6 {[%clk 1:13:24]} 15.
g3 {[%clk 1:04:54]} Qd7 {[%clk 0:58:59]} 16. Nd2 {[%clk 0:59:30]} Qg4 {[%clk
0:56:48]} 17. f3 {[%clk 0:59:23]} Qd7 {[%clk 0:55:48]} 18. Re1 {[%clk 0:58:37]}
Qe7 {[%clk 0:55:04]} 19. Nf1 {[%clk 0:57:32]} Bd7 {[%clk 0:51:32]} 20. Bd2 {[%clk
0:57:10]} a6 {[%clk 0:46:06]} 21. Rab1 {[%clk 0:56:51]} Reb8 {[%clk 0:45:32]} 22.
Rb6 {[%clk 0:53:25]} Bh3 {[%clk 0:44:44]} 23. Ne3 {[%clk 0:52:57]} Bc8 {[%clk
0:43:26]} 24. Ng2 {[%clk 0:48:48]} Qc7 {[%clk 0:42:48]} 25. Rb2 {[%clk 0:48:22]}
Ra7 {[%clk 0:36:46]} 26. f4 {[%clk 0:41:05]} Rba8 {[%clk 0:36:10]} 27. f5 {[%clk
0:40:44]} Nf8 {[%clk 0:34:46]} 28. Ne3 {[%clk 0:29:45]} b5 {[%clk 0:33:27]} 29.
Ng4 {[%clk 0:28:45]} N8h7 {[%clk 0:26:40]} 30. Nxf6+ {[%clk 0:26:14]} Nxf6 {[%clk
0:24:45]} 31. Kh1 {[%clk 0:21:34]} Qe7 {[%clk 0:18:37]} 32. Rg1 {[%clk 0:18:21]}
Bd7 {[%clk 0:17:00]} 33. g4 {[%clk 0:17:27]} Nh7 {[%clk 0:16:57]} 34. Be1 {[%clk
0:15:17]} bxc4 {[%clk 0:15:08]} 35. Bxc4 {[%clk 0:15:38]} Bb5 {[%clk 0:15:24]}
36. Bxb5 {[%clk 0:15:03]} axb5 {[%clk 0:15:48]} 37. Rg2 {[%clk 0:13:44]} b4
{[%clk 0:14:39]} 38. cxb4 {[%clk 0:13:40]} cxb4 {[%clk 0:14:53]} 39. Bxb4 {[%clk
0:13:37]} Ng5 {[%clk 0:12:19]} 40. Rg1 {[%clk 0:40:25]} Nh3 {[%clk 0:41:30]} 41.
Rd1 {[%clk 0:35:00]} Nf4 {[%clk 0:40:22]} 42. Qc4 {[%clk 0:31:51]} Qh4 {[%clk
0:34:26]} 43. Rg1 {[%clk 0:30:55]} h5 {[%clk 0:28:17]} 44. Bxd6 {[%clk 0:26:01]}
f6 {[%clk 0:27:17]} 45. Bb8 {[%clk 0:16:03]} Ra4 {[%clk 0:26:18]} 46. Qc8+ {[%clk
0:15:20]} Kh7 {[%clk 0:26:36]} 47. Qc2 {[%clk 0:11:39]} hxg4 {[%clk 0:26:15]} 48.
d6 {[%clk 0:09:02]} Rd4 {[%clk 0:26:06]} 49. Rg3 {[%clk 0:06:53]} Nh5 {[%clk
0:25:47]} 50. Rg1 {[%clk 0:06:37]} Ra6 {[%clk 0:24:24]} 51. Qe2 {[%clk 0:06:06]}
g3 {[%clk 0:23:31]} 52. Qg2 {[%clk 0:04:16]} Rxe4 {[%clk 0:21:44]} 53. Rd2 {[%clk
0:04:19]} Rg4 {[%clk 0:19:12]} 54. h3 {[%clk 0:03:55]} Rd4 {[%clk 0:19:15]} 55.
Rxd4 {[%clk 0:03:45]} Qxd4 {[%clk 0:19:21]} 56. Qe2 {[%clk 0:03:57]} Nf4 {[%clk
0:16:17]} 57. Qf3 {[%clk 0:03:33]} g2+ {[%clk 0:15:00]} 58. Kh2 {[%clk 0:03:53]}
Rxa2 {[%clk 0:13:08]} 59. Bc7 {[%clk 0:02:07]} Rf2 {[%clk 0:13:05]} 60. Qg3
{[%clk 0:00:53]} Rf1 {[%clk 0:11:22]} 61. Qh4+ {[%clk 0:01:00]} Kg8 {[%clk
0:11:34]} 62. Rxg2 {[%clk 0:00:40]} Nxg2 {[%clk 0:11:54]} 63. Kxg2 {[%clk
0:00:54]} Qg1# {[%clk 0:12:07]} 0-1

[Event "Greek Team Championship"]
[Site "chess24.com"]
[Date "2017.07.05"]
[Round "4"]
[White "Danis, Hrisovalantis"]
[Black "Korniotis, Filippos"]
[Result "0-1"]
[Board "8"]
[WhiteElo "2029"]
[WhiteCountry "GRE"]
[WhiteFideId "4276078"]
[WhiteEloChange "-7"]
[BlackElo "2143"]
[BlackCountry "GRE"]
[BlackFideId "4236912"]
[BlackEloChange "7"]

1. Nf3 {[%clk 1:30:57]} d5 {[%clk 1:30:53]} 2. g3 {[%clk 1:31:07]} Nf6 {[%clk
1:31:16]} 3. c4 {[%clk 1:31:30]} c6 {[%clk 1:31:40]} 4. b3 {[%clk 1:31:25]} Bf5
{[%clk 1:31:19]} 5. Bg2 {[%clk 1:31:04]} e6 {[%clk 1:31:26]} 6. O-O {[%clk
1:30:53]} h6 {[%clk 1:31:22]} 7. Bb2 {[%clk 1:30:04]} Be7 {[%clk 1:31:23]} 8. d4
{[%clk 1:28:32]} a5 {[%clk 1:21:46]} 9. Nbd2 {[%clk 1:19:56]} O-O {[%clk
1:21:03]} 10. a3 {[%clk 1:19:12]} Na6 {[%clk 1:14:03]} 11. Ne5 {[%clk 1:12:13]}
Rc8 {[%clk 1:08:40]} 12. Rc1 {[%clk 1:04:11]} c5 {[%clk 0:52:34]} 13. Ndf3 {[%clk
0:57:05]} Be4 {[%clk 0:45:54]} 14. e3 {[%clk 0:44:12]} Qb6 {[%clk 0:41:01]} 15.
cxd5 {[%clk 0:32:52]} Bxd5 {[%clk 0:33:16]} 16. Nc4 {[%clk 0:32:38]} Qd8 {[%clk
0:32:47]} 17. Qd2 {[%clk 0:24:47]} cxd4 {[%clk 0:25:33]} 18. Qxd4 {[%clk
0:18:45]} Nc5 {[%clk 0:22:18]} 19. Nfd2 {[%clk 0:18:05]} Bxg2 {[%clk 0:19:50]}
20. Kxg2 {[%clk 0:18:18]} Nd3 {[%clk 0:18:45]} 21. Rb1 {[%clk 0:12:31]} b5 {[%clk
0:13:04]} 22. Qxd8 {[%clk 0:10:14]} Rfxd8 {[%clk 0:13:30]} 23. Nxa5 {[%clk
0:06:27]} Nxb2 {[%clk 0:13:57]} 24. Rxb2 {[%clk 0:06:54]} Bxa3 {[%clk 0:14:22]}
25. Ra2 {[%clk 0:07:14]} Bb4 {[%clk 0:14:50]} 26. Nf3 {[%clk 0:06:39]} Ra8 {[%clk
0:15:16]} 27. Nc6 {[%clk 0:05:08]} Rxa2 {[%clk 0:15:35]} 28. Nxd8 {[%clk
0:05:35]} Ng4 {[%clk 0:14:53]} 29. Kg1 {[%clk 0:05:30]} Bc5 {[%clk 0:14:23]} 30.
Rc1 {[%clk 0:03:24]} Bb6 {[%clk 0:13:40]} 31. Rc8 {[%clk 0:03:18]} Kh7 {[%clk
0:09:06]} 32. Nxf7 {[%clk 0:03:41]} Nxf2 {[%clk 0:09:14]} 33. Rh8+ {[%clk
0:02:59]} Kg6 {[%clk 0:09:40]} 34. N7e5+ {[%clk 0:03:27]} Kf5 {[%clk 0:09:29]}
35. Rf8+ {[%clk 0:03:51]} Ke4 {[%clk 0:09:47]} 36. Rf4+ {[%clk 0:02:52]} Kxe3
{[%clk 0:09:48]} 37. Kf1 {[%clk 0:01:44]} g5 {[%clk 0:07:57]} 38. Rf6 {[%clk
0:01:26]} g4 {[%clk 0:05:06]} 39. Ne1 {[%clk 0:01:36]} Ba5 {[%clk 0:03:22]} 40.
Rxe6 {[%clk 0:30:46]} Bxe1 {[%clk 0:32:55]} 41. Nxg4+ {[%clk 0:21:27]} Kd4 {[%clk
0:29:57]} 42. Nxf2 {[%clk 0:19:56]} Bxf2 {[%clk 0:29:21]} 43. Rxh6 {[%clk
0:18:11]} Be3 {[%clk 0:28:26]} 44. Rh5 {[%clk 0:17:50]} b4 {[%clk 0:28:42]} 45.
g4 {[%clk 0:17:54]} Rf2+ {[%clk 0:28:36]} 46. Ke1 {[%clk 0:18:16]} Rb2 {[%clk
0:29:02]} 47. Rh7 {[%clk 0:16:06]} Kd3 {[%clk 0:29:12]} 48. Rd7+ {[%clk 0:16:28]}
Bd4 {[%clk 0:29:38]} 0-1

[Event "Greek Team Championship"]
[Site "chess24.com"]
[Date "2017.07.05"]
[Round "4"]
[White "Paraskevas, Georgios"]
[Black "Giatrakos, Orestis"]
[Result "1/2-1/2"]
[Board "9"]
[WhiteElo "1710"]
[WhiteCountry "GRE"]
[WhiteFideId "4262131"]
[WhiteEloChange "5"]
[BlackElo "1889"]
[BlackCountry "GRE"]
[BlackFideId "4266897"]
[BlackEloChange "-5"]

1. e4 {[%clk 1:28:20]} e5 {[%clk 1:30:01]} 2. Nf3 {[%clk 1:28:44]} Nc6 {[%clk
1:30:23]} 3. Bb5 {[%clk 1:29:10]} a6 {[%clk 1:30:28]} 4. Ba4 {[%clk 1:28:49]}
Nge7 {[%clk 1:30:51]} 5. O-O {[%clk 1:29:07]} g6 {[%clk 1:31:17]} 6. c3 {[%clk
1:28:39]} Bg7 {[%clk 1:31:42]} 7. d4 {[%clk 1:26:21]} exd4 {[%clk 1:31:53]} 8.
cxd4 {[%clk 1:26:28]} O-O {[%clk 1:31:34]} 9. h3 {[%clk 1:24:40]} b5 {[%clk
1:31:49]} 10. Bb3 {[%clk 1:24:46]} d6 {[%clk 1:32:08]} 11. a4 {[%clk 1:22:34]} b4
{[%clk 1:27:37]} 12. a5 {[%clk 1:21:26]} Rb8 {[%clk 1:25:04]} 13. Qd3 {[%clk
1:03:06]} Kh8 {[%clk 1:16:03]} 14. d5 {[%clk 0:43:19]} Ne5 {[%clk 1:14:45]} 15.
Nxe5 {[%clk 0:43:44]} dxe5 {[%clk 1:13:32]} 16. Bc4 {[%clk 0:36:17]} Qd6 {[%clk
1:08:30]} 17. f4 {[%clk 0:11:34]} exf4 {[%clk 0:44:44]} 18. Bxf4 {[%clk 0:10:48]}
Be5 {[%clk 0:44:38]} 19. Bh6 {[%clk 0:10:04]} Bg7 {[%clk 0:44:52]} 20. Bxg7+
{[%clk 0:04:34]} Kxg7 {[%clk 0:45:21]} 21. Qd4+ {[%clk 0:05:02]} f6 {[%clk
0:45:32]} 22. Nd2 {[%clk 0:03:18]} Nc6 {[%clk 0:45:27]} 23. Qe3 {[%clk 0:03:26]}
Ne5 {[%clk 0:45:52]} 24. b3 {[%clk 0:02:59]} Bd7 {[%clk 0:44:50]} 25. Qd4 {[%clk
0:02:47]} h5 {[%clk 0:37:27]} 26. Rac1 {[%clk 0:02:53]} Rh8 {[%clk 0:37:17]} 27.
Nf3 {[%clk 0:02:50]} Rhf8 {[%clk 0:36:37]} 28. Nxe5 {[%clk 0:02:30]} fxe5 {[%clk
0:36:17]} 29. Qe3 {[%clk 0:02:28]} Rbe8 {[%clk 0:20:21]} 30. Rxf8 {[%clk
0:02:23]} Rxf8 {[%clk 0:20:43]} 31. Rf1 {[%clk 0:02:40]} Rxf1+ {[%clk 0:15:44]}
32. Kxf1 {[%clk 0:03:03]} Qf6+ {[%clk 0:16:11]} 33. Ke2 {[%clk 0:03:13]} Bc8
{[%clk 0:16:13]} 34. Qc5 {[%clk 0:02:09]} Qd6 {[%clk 0:15:35]} 35. Qxd6 {[%clk
0:02:02]} cxd6 {[%clk 0:16:04]} 36. h4 {[%clk 0:01:20]} Kf6 {[%clk 0:16:29]}
1/2-1/2

[Event "Greek Team Championship"]
[Site "chess24.com"]
[Date "2017.07.05"]
[Round "4"]
[White "Spyratos, Nikolaos"]
[Black "Tzavaras, Spyridon"]
[Result "1/2-1/2"]
[Board "10"]
[WhiteElo "1498"]
[WhiteCountry "GRE"]
[WhiteFideId "25835351"]
[WhiteEloChange "-5"]
[BlackElo "1321"]
[BlackCountry "GRE"]
[BlackFideId "25800140"]
[BlackEloChange "5"]

1. e4 {[%clk 1:30:30]} c5 {[%clk 1:30:30]} 2. Nc3 {[%clk 1:30:30]} Nc6 {[%clk
1:30:30]} 3. g3 {[%clk 1:30:30]} g6 {[%clk 1:30:30]} 4. Bg2 {[%clk 1:30:30]} Bg7
{[%clk 1:30:30]} 5. d3 {[%clk 1:30:30]} e6 {[%clk 1:30:30]} 6. Nge2 {[%clk
1:30:30]} Nge7 {[%clk 1:30:30]} 7. O-O {[%clk 1:30:30]} O-O {[%clk 1:30:30]} 8.
Be3 {[%clk 1:30:30]} Nd4 {[%clk 1:30:30]} 9. Rb1 {[%clk 1:30:30]} Nec6 {[%clk
1:30:30]} 10. a3 {[%clk 1:30:30]} a6 {[%clk 1:30:30]} 11. Na2 {[%clk 1:30:30]}
Rb8 {[%clk 1:30:30]} 12. c3 {[%clk 1:30:30]} Nxe2+ {[%clk 1:30:30]} 13. Qxe2
{[%clk 1:30:30]} d6 {[%clk 1:30:30]} 14. Rbd1 {[%clk 1:30:30]} Qe7 {[%clk
1:30:30]} 15. d4 {[%clk 1:30:30]} cxd4 {[%clk 1:30:30]} 16. cxd4 {[%clk 1:30:30]}
Bd7 {[%clk 1:30:30]} 17. Qd2 {[%clk 1:30:30]} Rfc8 {[%clk 1:30:30]} 18. b4 {[%clk
1:30:30]} b5 {[%clk 1:30:30]} 19. f4 {[%clk 1:30:30]} Qf8 {[%clk 1:30:30]} 20.
Nc1 {[%clk 1:30:30]} Rc7 {[%clk 1:30:30]} 21. Nb3 {[%clk 1:30:30]} Rbc8 {[%clk
1:30:30]} 22. Rc1 {[%clk 1:30:30]} Ne7 {[%clk 1:30:30]} 23. h3 {[%clk 1:30:30]}
Bc6 {[%clk 1:30:30]} 24. Rc2 {[%clk 1:30:30]} Bb7 {[%clk 1:30:30]} 25. Rfc1
{[%clk 1:30:30]} Rxc2 {[%clk 1:30:30]} 26. Rxc2 {[%clk 1:30:30]} Rxc2 {[%clk
1:30:30]} 27. Qxc2 {[%clk 1:30:30]} Qc8 {[%clk 1:30:30]} 28. Qxc8+ {[%clk
1:30:30]} Bxc8 {[%clk 1:30:30]} 29. e5 {[%clk 1:30:30]} d5 {[%clk 1:30:30]} 30.
g4 {[%clk 1:30:30]} Kf8 {[%clk 1:30:30]} 31. Bf1 {[%clk 1:30:30]} Ke8 {[%clk
1:30:30]} 32. Nc5 {[%clk 1:30:30]} Kd8 {[%clk 1:30:30]} 33. Bd2 {[%clk 1:30:30]}
Kc7 {[%clk 1:30:30]} 34. Kf2 {[%clk 1:30:30]} Kb6 {[%clk 1:30:30]} 35. Ke3 {[%clk
1:30:30]} Ka7 {[%clk 1:30:30]} 36. Bd3 {[%clk 1:30:30]} Kb6 {[%clk 1:30:30]} 37.
Bc2 {[%clk 1:30:30]} Ka7 {[%clk 1:30:30]} 38. a4 {[%clk 1:30:30]} Kb6 {[%clk
1:30:30]} 39. a5+ {[%clk 1:30:30]} Ka7 {[%clk 1:30:30]} 40. Nd3 {[%clk 1:30:30]}
Bh8 {[%clk 1:30:30]} 41. Nf2 {[%clk 1:30:30]} Bg7 {[%clk 1:30:30]} 42. h4 {[%clk
1:30:30]} Kb7 {[%clk 1:30:30]} 43. Nh1 {[%clk 1:30:30]} Kc7 {[%clk 1:30:30]} 44.
Ng3 {[%clk 1:30:30]} Bh6 {[%clk 1:30:30]} 45. Nf1 {[%clk 1:30:30]} Bg7 {[%clk
1:30:30]} 46. Nh2 {[%clk 1:30:30]} Kd8 {[%clk 1:30:30]} 47. Nf3 {[%clk 1:30:30]}
Bh6 {[%clk 1:30:30]} 48. Kd3 {[%clk 1:30:30]} Ke8 {[%clk 1:30:30]} 49. Kc3 {[%clk
1:30:30]} Kf8 {[%clk 1:30:30]} 50. Bd3 {[%clk 1:30:30]} Kg8 {[%clk 1:30:30]} 51.
Ne1 {[%clk 1:30:30]} Kf8 {[%clk 1:30:30]} 52. Nc2 {[%clk 1:30:30]} Kg8 {[%clk
1:30:30]} 1/2-1/2

[Event "Greek Team Championship"]
[Site "chess24.com"]
[Date "2017.07.05"]
[Round "4"]
[White "Nikolov, Momchil"]
[Black "Warmerdam, Max"]
[Result "1/2-1/2"]
[Board "1"]
[WhiteElo "2567"]
[WhiteTitle "GM"]
[WhiteCountry "BUL"]
[WhiteFideId "2905710"]
[WhiteEloChange "-3"]
[BlackElo "2358"]
[BlackTitle "FM"]
[BlackCountry "NED"]
[BlackFideId "1048104"]
[BlackEloChange "5"]

1. d4 {[%clk 1:30:56]} Nf6 {[%clk 1:30:53]} 2. c4 {[%clk 1:31:16]} g6 {[%clk
1:31:19]} 3. Nc3 {[%clk 1:31:27]} Bg7 {[%clk 1:31:42]} 4. e4 {[%clk 1:31:50]} d6
{[%clk 1:32:09]} 5. f3 {[%clk 1:32:12]} O-O {[%clk 1:32:32]} 6. Be3 {[%clk
1:32:36]} Nc6 {[%clk 1:32:56]} 7. Nge2 {[%clk 1:32:27]} a6 {[%clk 1:33:19]} 8.
Qd2 {[%clk 1:32:48]} Rb8 {[%clk 1:33:43]} 9. Rc1 {[%clk 1:33:08]} Bd7 {[%clk
1:33:56]} 10. Nd1 {[%clk 1:33:29]} b5 {[%clk 1:34:17]} 11. c5 {[%clk 1:33:42]} e6
{[%clk 1:34:41]} 12. Ng3 {[%clk 1:10:17]} Ne8 {[%clk 1:34:41]} 13. Nf2 {[%clk
1:10:17]} f5 {[%clk 1:31:52]} 14. cxd6 {[%clk 0:51:22]} Nxd6 {[%clk 1:27:56]} 15.
e5 {[%clk 0:44:48]} Nf7 {[%clk 1:24:21]} 16. Be2 {[%clk 0:41:18]} Ne7 {[%clk
1:23:23]} 17. f4 {[%clk 0:38:57]} Nd5 {[%clk 1:18:29]} 18. O-O {[%clk 0:33:31]}
b4 {[%clk 1:13:24]} 19. Bxa6 {[%clk 0:31:46]} Bb5 {[%clk 1:13:32]} 20. Bxb5
{[%clk 0:32:07]} Rxb5 {[%clk 1:13:57]} 21. Ne2 {[%clk 0:30:55]} Qa8 {[%clk
1:09:40]} 22. b3 {[%clk 0:29:35]} Ra5 {[%clk 1:04:08]} 23. Rc2 {[%clk 0:29:39]}
Rd8 {[%clk 1:03:54]} 24. Nd3 {[%clk 0:27:06]} Bf8 {[%clk 1:02:28]} 25. Rfc1
{[%clk 0:24:49]} Nxe3 {[%clk 0:58:49]} 26. Qxe3 {[%clk 0:25:09]} Rxa2 {[%clk
0:59:14]} 27. Rxc7 {[%clk 0:24:10]} Qe4 {[%clk 0:59:15]} 28. Kf2 {[%clk 0:17:09]}
Rxd4 {[%clk 0:54:29]} 29. R1c4 {[%clk 0:17:14]} Qxd3 {[%clk 0:52:09]} 30. Rxd4
{[%clk 0:17:30]} Rxe2+ {[%clk 0:52:32]} 31. Qxe2 {[%clk 0:17:56]} Qxd4+ {[%clk
0:52:56]} 32. Qe3 {[%clk 0:17:51]} Qb2+ {[%clk 0:50:16]} 33. Kg1 {[%clk 0:16:33]}
g5 {[%clk 0:48:04]} 34. g3 {[%clk 0:14:28]} Qb1+ {[%clk 0:44:40]} 35. Rc1 {[%clk
0:12:34]} Qb2 {[%clk 0:37:37]} 1/2-1/2

[Event "Greek Team Championship"]
[Site "chess24.com"]
[Date "2017.07.05"]
[Round "4"]
[White "Roinos, Ilias"]
[Black "Markidis, Konstantinos"]
[Result "1/2-1/2"]
[Board "2"]
[WhiteElo "2198"]
[WhiteCountry "GRE"]
[WhiteFideId "4232402"]
[WhiteEloChange "5"]
[BlackElo "2370"]
[BlackCountry "GRE"]
[BlackFideId "4203500"]
[BlackEloChange "-5"]

1. e4 {[%clk 1:30:56]} e6 {[%clk 1:30:49]} 2. d4 {[%clk 1:31:17]} d5 {[%clk
1:31:14]} 3. Nd2 {[%clk 1:31:29]} Be7 {[%clk 1:31:23]} 4. Ngf3 {[%clk 1:31:45]}
Nf6 {[%clk 1:31:44]} 5. e5 {[%clk 1:32:03]} Nfd7 {[%clk 1:32:08]} 6. Bd3 {[%clk
1:32:26]} c5 {[%clk 1:32:31]} 7. c3 {[%clk 1:32:51]} Nc6 {[%clk 1:32:56]} 8. O-O
{[%clk 1:33:11]} a5 {[%clk 1:32:33]} 9. a4 {[%clk 1:30:52]} Qb6 {[%clk 1:31:08]}
10. Qe2 {[%clk 1:12:45]} cxd4 {[%clk 1:27:30]} 11. cxd4 {[%clk 1:13:05]} Nxd4
{[%clk 1:27:09]} 12. Nxd4 {[%clk 1:13:27]} Qxd4 {[%clk 1:27:34]} 13. Nf3 {[%clk
1:13:48]} Qb6 {[%clk 1:27:30]} 14. Be3 {[%clk 1:12:57]} Bc5 {[%clk 1:16:03]} 15.
Rac1 {[%clk 0:49:32]} Bxe3 {[%clk 1:00:42]} 16. fxe3 {[%clk 0:49:44]} h6 {[%clk
0:57:29]} 17. Qf2 {[%clk 0:36:51]} O-O {[%clk 0:55:09]} 18. Bb1 {[%clk 0:35:08]}
f5 {[%clk 0:42:38]} 19. exf6 {[%clk 0:33:53]} Rxf6 {[%clk 0:42:54]} 20. Kh1
{[%clk 0:31:52]} Nf8 {[%clk 0:42:39]} 21. Qd2 {[%clk 0:29:31]} Qb4 {[%clk
0:33:38]} 22. Qxb4 {[%clk 0:19:11]} axb4 {[%clk 0:34:04]} 23. b3 {[%clk 0:19:33]}
Bd7 {[%clk 0:30:02]} 24. Bd3 {[%clk 0:17:22]} Rb8 {[%clk 0:27:19]} 25. Rc7 {[%clk
0:10:45]} Be8 {[%clk 0:20:11]} 26. Ne5 {[%clk 0:10:45]} Rxf1+ {[%clk 0:19:03]}
27. Bxf1 {[%clk 0:11:07]} Ng6 {[%clk 0:19:04]} 28. Nd3 {[%clk 0:11:23]} e5 {[%clk
0:15:56]} 29. Nxb4 {[%clk 0:08:47]} Bf7 {[%clk 0:15:49]} 30. Kg1 {[%clk 0:07:30]}
d4 {[%clk 0:09:40]} 1/2-1/2

[Event "Greek Team Championship"]
[Site "chess24.com"]
[Date "2017.07.05"]
[Round "4"]
[White "Dimitrov, Atanas"]
[Black "Kordis, Konstantinos"]
[Result "1-0"]
[Board "3"]
[WhiteElo "2291"]
[WhiteTitle "IM"]
[WhiteCountry "GRE"]
[WhiteFideId "2901315"]
[WhiteEloChange "6"]
[BlackElo "2149"]
[BlackCountry "GRE"]
[BlackFideId "4205197"]
[BlackEloChange "-6"]

1. e4 {[%clk 1:30:58]} c5 {[%clk 1:30:51]} 2. Nf3 {[%clk 1:31:21]} e6 {[%clk
1:30:49]} 3. g3 {[%clk 1:31:43]} Nc6 {[%clk 1:31:08]} 4. Bg2 {[%clk 1:32:07]} Nf6
{[%clk 1:31:03]} 5. Qe2 {[%clk 1:32:15]} d5 {[%clk 1:30:43]} 6. exd5 {[%clk
1:31:45]} Nxd5 {[%clk 1:31:02]} 7. O-O {[%clk 1:32:06]} Be7 {[%clk 1:31:16]} 8.
Rd1 {[%clk 1:32:16]} Nd4 {[%clk 1:16:10]} 9. Nxd4 {[%clk 1:32:32]} cxd4 {[%clk
1:16:34]} 10. c4 {[%clk 1:32:13]} Nb4 {[%clk 1:13:04]} 11. d3 {[%clk 1:32:36]} a5
{[%clk 1:13:01]} 12. Na3 {[%clk 1:29:23]} O-O {[%clk 1:09:16]} 13. Nb5 {[%clk
1:29:43]} Na6 {[%clk 1:08:48]} 14. b3 {[%clk 1:15:36]} Nc7 {[%clk 1:08:17]} 15.
Bb2 {[%clk 0:54:26]} Nxb5 {[%clk 1:06:53]} 16. cxb5 {[%clk 0:54:52]} a4 {[%clk
1:06:16]} 17. Qe4 {[%clk 0:45:50]} Bf6 {[%clk 0:57:45]} 18. Ba3 {[%clk 0:42:03]}
Re8 {[%clk 0:57:48]} 19. Bc5 {[%clk 0:36:49]} Ra5 {[%clk 0:55:52]} 20. bxa4
{[%clk 0:36:25]} b6 {[%clk 0:56:11]} 21. Bb4 {[%clk 0:35:27]} Rxa4 {[%clk
0:56:33]} 22. a3 {[%clk 0:32:44]} Bd7 {[%clk 0:56:33]} 23. Qb7 {[%clk 0:27:43]}
Bxb5 {[%clk 0:54:08]} 24. Rac1 {[%clk 0:24:43]} Be5 {[%clk 0:40:22]} 25. Bc6
{[%clk 0:22:07]} Bxc6 {[%clk 0:39:46]} 26. Rxc6 {[%clk 0:22:28]} Qd5 {[%clk
0:37:32]} 27. Rxb6 {[%clk 0:15:40]} Qxb7 {[%clk 0:32:36]} 28. Rxb7 {[%clk
0:16:08]} Rc8 {[%clk 0:32:55]} 29. Rb5 {[%clk 0:09:19]} Bf6 {[%clk 0:32:00]} 30.
Rc5 {[%clk 0:09:43]} Rxc5 {[%clk 0:21:50]} 31. Bxc5 {[%clk 0:10:11]} g6 {[%clk
0:20:57]} 32. Rb1 {[%clk 0:06:55]} Kg7 {[%clk 0:18:18]} 33. Rb5 {[%clk 0:06:47]}
Bd8 {[%clk 0:17:21]} 34. Rb8 {[%clk 0:05:05]} Ra5 {[%clk 0:13:08]} 35. Bxd4+
{[%clk 0:04:19]} Bf6 {[%clk 0:13:31]} 36. Bxf6+ {[%clk 0:03:58]} Kxf6 {[%clk
0:13:58]} 37. Rb3 {[%clk 0:04:23]} Ke5 {[%clk 0:14:07]} 38. Kf1 {[%clk 0:04:18]}
Kd4 {[%clk 0:14:23]} 39. Ke2 {[%clk 0:04:42]} g5 {[%clk 0:12:39]} 40. Rb4+ {[%clk
0:34:02]} Kd5 {[%clk 0:40:32]} 41. a4 {[%clk 0:33:59]} f5 {[%clk 0:40:48]} 42.
Rb5+ {[%clk 0:14:45]} Rxb5 {[%clk 0:41:08]} 43. axb5 {[%clk 0:15:14]} e5 {[%clk
0:34:42]} 44. d4 {[%clk 0:03:08]} e4 {[%clk 0:35:03]} 45. Ke3 {[%clk 0:03:19]} h5
{[%clk 0:29:16]} 46. f3 {[%clk 0:03:42]} exf3 {[%clk 0:27:12]} 47. Kxf3 {[%clk
0:04:10]} 1-0